[Event "14. Lichtenberger Sommer"]
[Site "14. Lichtenberger Sommer"]
[Date "2015.08.21"]
[Round "7.42"]
[White "Sabrowski, Uwe"]
[Black "Birkestrand, Odd"]
[Result "1-0"]
[WhiteElo "2082"]
[BlackElo "1789"]
[PlyCount "71"]
[EventDate "2015.??.??"]
[WhiteTeam "SC Friesen Lichtenberg"]
[BlackTeam "Masfjorden Sjakklubb"]

1. d4 Nf6 2. c4 c5 3. d5 b5 4. cxb5 a6 5. bxa6 g6 6. Nc3 Bxa6 7. f4 Bg7 8. Nf3
d6 9. e4 Bxf1 10. Rxf1 O-O 11. Qe2 Nfd7 12. e5 Nb6 13. e6 Bxc3+ 14. bxc3 Nxd5
15. exf7+ Kg7 16. Ng5 Qa5 17. Ne6+ Kxf7 18. Bd2 Nxc3 19. Ng5+ Ke8 20. Qd3 Nc6
21. Bxc3 Nb4 22. Qd2 Qb5 23. Bxb4 cxb4 24. Ne6 Qc6 25. Nxf8 Kxf8 26. Kf2 Qc5+
27. Qe3 Qc2+ 28. Kg1 Ra3 29. Qd4 Rd3 30. Qxb4 Ke8 31. Qb5+ Kf7 32. Rac1 Qd2 33.
Rcd1 Qe3+ 34. Kh1 Ra3 35. Qc4+ Kf8 36. f5 1-0

[Event "14. Lichtenberger Sommer"]
[Site "14. Lichtenberger Sommer"]
[Date "2015.08.21"]
[Round "7.43"]
[White "Alvarez, Luis"]
[Black "Badestein, Hartmut"]
[Result "1/2-1/2"]
[WhiteElo "1853"]
[BlackElo "2055"]
[PlyCount "41"]
[EventDate "2015.??.??"]
[WhiteTeam "Zug um Zug Everswinkel"]
[BlackTeam "SC Friesen Lichtenberg"]

1. e4 d6 2. d4 Nf6 3. Bd3 e5 4. c3 g6 5. Nf3 Nc6 6. h3 Bg7 7. O-O O-O 8. Be3 d5
9. dxe5 Nxe4 10. Nbd2 Nxd2 11. Qxd2 Nxe5 12. Nxe5 Bxe5 13. Rad1 Bg7 14. f4 f5
15. Bc2 Be6 16. Rfe1 Qd7 17. Bb3 c6 18. Bd4 b5 19. Bxg7 Kxg7 20. a4 bxa4 21.
Bxa4 1/2-1/2

[Event "14. Lichtenberger Sommer"]
[Site "14. Lichtenberger Sommer"]
[Date "2015.08.21"]
[Round "7.44"]
[White "Kapr, Klaus"]
[Black "Kautz, Stefan"]
[Result "1/2-1/2"]
[WhiteElo "2035"]
[BlackElo "1919"]
[PlyCount "42"]
[EventDate "2015.??.??"]
[WhiteTeam "SC Friesen Lichtenberg"]
[BlackTeam "SC Empor Maulwurf Bonn"]

1. e4 c5 2. Nf3 d6 3. d4 cxd4 4. Nxd4 Nf6 5. Nc3 a6 6. Be3 e6 7. Be2 Be7 8. O-O
O-O 9. f4 Qc7 10. Qe1 b5 11. a3 Bb7 12. Bf3 Nbd7 13. Qg3 Nc5 14. e5 dxe5 15.
fxe5 Nfe4 16. Nxe4 Nxe4 17. Bxe4 Bxe4 18. c3 Rad8 19. h4 Rd5 20. Rae1 Bg6 21.
Kh2 Bc5 1/2-1/2

[Event "14. Lichtenberger Sommer"]
[Site "14. Lichtenberger Sommer"]
[Date "2015.08.21"]
[Round "7.45"]
[White "Heerde, Thomas"]
[Black "Kornath, Heinrich"]
[Result "1-0"]
[WhiteElo "1967"]
[BlackElo "1829"]
[PlyCount "63"]
[EventDate "2015.??.??"]
[WhiteTeam "SC Weisse Dame (Berlin)"]
[BlackTeam "SG Eckturm (Berlin)"]

1. e4 c5 2. Nf3 Nc6 3. d4 cxd4 4. Nxd4 Nf6 5. Nc3 Qc7 6. Be3 a6 7. Be2 e6 8.
O-O d6 9. f4 Bd7 10. Kh1 h5 11. Bf3 Be7 12. Nce2 g6 13. Rc1 e5 14. Nb3 Be6 15.
c4 Rd8 16. f5 gxf5 17. exf5 Bc8 18. Nc3 Qb8 19. Bb6 Rd7 20. Nd5 h4 21. Qe1 Kf8
22. a4 Nh5 23. Bg4 Nf6 24. Bh3 Kg7 25. a5 Bd8 26. Qe3 Rh5 27. g4 hxg3 28. Qxg3+
Kf8 29. Bxd8 Nxd5 30. cxd5 Nxd8 31. f6 Rc7 32. Qg7+ 1-0

[Event "14. Lichtenberger Sommer"]
[Site "14. Lichtenberger Sommer"]
[Date "2015.08.21"]
[Round "7.46"]
[White "Albinus, Günter"]
[Black "Wierzbicki, Jirawat"]
[Result "0-1"]
[WhiteElo "1887"]
[BlackElo "1961"]
[PlyCount "54"]
[EventDate "2015.??.??"]
[WhiteTeam "SG Weißensee 49"]
[BlackTeam "SK König Tegel"]

1. Nf3 d5 2. b3 Nf6 3. Bb2 c5 4. e3 e6 5. Be2 Nc6 6. O-O Bd6 7. d3 O-O 8. Nbd2
b6 9. d4 Bb7 10. c4 Qe7 11. Ne5 Ne4 12. Nxc6 Bxc6 13. Nxe4 dxe4 14. dxc5 bxc5
15. Qc2 f5 16. Rad1 e5 17. g3 f4 18. Bg4 f3 19. Rd2 Rf6 20. Rfd1 Rh6 21. Bf5
Qg5 22. Bxe4 Rxh2 23. Bxc6 Rg2+ 24. Kf1 Qh5 25. Bxf3 Qxf3 26. Rxd6 Rf8 27. R1d2
Rh2 0-1

[Event "14. Lichtenberger Sommer"]
[Site "14. Lichtenberger Sommer"]
[Date "2015.08.21"]
[Round "7.47"]
[White "Zeller, Elisa"]
[Black "Matitschka, Johannes"]
[Result "1-0"]
[WhiteElo "1947"]
[BlackElo "1542"]
[PlyCount "73"]
[EventDate "2015.??.??"]
[WhiteTeam "SF Göppingen"]
[BlackTeam "TSG Oberschöneweide"]

1. e4 e5 2. Nf3 Nc6 3. Bb5 d6 4. O-O Bd7 5. c3 Nf6 6. Re1 g6 7. d4 exd4 8. cxd4
Bg7 9. Bg5 Qc8 10. e5 dxe5 11. Nxe5 O-O 12. Nc3 a6 13. Bxc6 bxc6 14. Qf3 Nd5
15. Nxd5 cxd5 16. Be7 Bxe5 17. Bxf8 Bxd4 18. Ba3 Be6 19. h3 Qb7 20. Rac1 Rc8
21. Qf4 Qb6 22. Red1 Bxb2 23. Rb1 Bxa3 24. Rxb6 cxb6 25. Qa4 Rc3 26. Qxa6 Bc5
27. Qa4 Ra3 28. Qe8+ Kg7 29. Rd2 d4 30. h4 Bxa2 31. Qe5+ Kg8 32. h5 gxh5 33.
Qg5+ Kh8 34. Rxd4 Bxd4 35. Qd8+ Kg7 36. Qxd4+ Kg6 37. Qd6+ 1-0

[Event "14. Lichtenberger Sommer"]
[Site "14. Lichtenberger Sommer"]
[Date "2015.08.21"]
[Round "7.48"]
[White "Becker, Jared"]
[Black "Janse, Sebastaan"]
[Result "1/2-1/2"]
[WhiteElo "1968"]
[BlackElo "1725"]
[PlyCount "91"]
[EventDate "2015.??.??"]
[WhiteTeam "SC Tarrasch München"]
[BlackTeam "SSV Klim-Op"]

1. e4 e5 2. Nf3 Nc6 3. Bb5 a6 4. Ba4 Nf6 5. O-O Be7 6. Re1 b5 7. Bb3 d6 8. c3
O-O 9. h3 Na5 10. Bc2 c5 11. d4 Qc7 12. Nbd2 Re8 13. Nf1 Bf8 14. dxe5 dxe5 15.
Ne3 Bb7 16. Nf5 Rad8 17. Qe2 Nc4 18. Bg5 Bc8 19. Bxf6 gxf6 20. N3h4 Rd2 21.
Qg4+ Kh8 22. Bb3 Bh6 23. Qh5 Bg5 24. Nf3 Bxf5 25. exf5 Rxb2 26. Nxg5 fxg5 27.
Qxg5 Qd8 28. Qxd8 Rxd8 29. Bxc4 bxc4 30. Rxe5 Rdd2 31. Rf1 Rxa2 32. f6 h6 33.
Rxc5 a5 34. Rxc4 a4 35. Rc7 Kg8 36. c4 a3 37. Ra7 Rdc2 38. Ra4 Kh7 39. Kh2 Kg6
40. Kg3 Kxf6 41. Kf3 Ke5 42. Re1+ Kd4 43. Re4+ Kc5 44. Re3 Rxf2+ 45. Ke4 Rxg2
46. Raxa3 1/2-1/2

[Event "14. Lichtenberger Sommer"]
[Site "14. Lichtenberger Sommer"]
[Date "2015.08.21"]
[Round "7.49"]
[White "Dittrich, Hans-Georg"]
[Black "Mahn, Franko"]
[Result "0-1"]
[WhiteElo "1722"]
[BlackElo "2169"]
[PlyCount "68"]
[EventDate "2015.??.??"]
[WhiteTeam "SG Stadtilm"]
[BlackTeam "SC Weisse Dame (Berlin)"]

1. e4 c5 2. Nf3 e6 3. g3 d6 4. Bg2 Nf6 5. Qe2 Nc6 6. O-O Be7 7. Rd1 Bd7 8. d4
cxd4 9. Nxd4 Nxd4 10. Rxd4 Qc7 11. Na3 Rc8 12. Be3 a6 13. Rd2 b5 14. Rad1 b4
15. Nb1 Bb5 16. Qe1 Ng4 17. Bf4 Ne5 18. c3 g5 19. Bxe5 dxe5 20. Bf1 Bxf1 21.
Qxf1 Qc6 22. Qe2 Qc4 23. Qxc4 Rxc4 24. cxb4 Rxb4 25. Nc3 O-O 26. g4 Rc8 27. Rd7
Rxb2 28. Rxe7 Rxc3 29. Rdd7 Rf3 30. a4 Rfxf2 31. Re8+ Kg7 32. Rxe6 Rg2+ 33. Kh1
Rxh2+ 34. Kg1 Rhc2 0-1

[Event "14. Lichtenberger Sommer"]
[Site "14. Lichtenberger Sommer"]
[Date "2015.08.21"]
[Round "7.50"]
[White "Rohde, Wolfgang"]
[Black "Bergmann, Jens"]
[Result "1-0"]
[WhiteElo "2164"]
[BlackElo "1907"]
[PlyCount "42"]
[EventDate "2015.??.??"]
[WhiteTeam "SC Friesen Lichtenberg"]
[BlackTeam "SK Tempelhof 1931"]

1. d4 b6 2. c4 Bb7 3. Nc3 e6 4. e4 Bb4 5. d5 Bxc3+ 6. bxc3 Qh4 7. Bd3 d6 8. Nh3
h6 9. dxe6 fxe6 10. Nf4 Kf7 11. e5 Ne7 12. g3 Qg5 13. Ng6 Qxg6 14. Bxg6+ Nxg6
15. O-O Nxe5 16. f4 Nxc4 17. f5 Ne5 18. Qh5+ Ke7 19. Bg5+ Kd7 20. Rae1 Nbc6 21.
fxe6+ Kxe6 1-0

[Event "14. Lichtenberger Sommer"]
[Site "14. Lichtenberger Sommer"]
[Date "2015.08.21"]
[Round "7.51"]
[White "Rollwitz, Jürgen"]
[Black "Albrecht, Rainer"]
[Result "1/2-1/2"]
[WhiteElo "1950"]
[BlackElo "2072"]
[PlyCount "50"]
[EventDate "2015.??.??"]
[WhiteTeam "SC Rochade (Berlin)"]
[BlackTeam "SC Kreuzberg"]

1. e4 e6 2. d3 d5 3. Nd2 c5 4. Ngf3 Nc6 5. g3 Bd6 6. Bg2 Nge7 7. O-O O-O 8. c3
b5 9. exd5 exd5 10. d4 c4 11. Re1 f6 12. Nf1 Bg4 13. Ne3 Bh5 14. g4 Bf7 15. Nh4
Bc7 16. Qf3 Re8 17. Bd2 Qd6 18. Nf1 g5 19. Nf5 Nxf5 20. Qxf5 Ne7 21. Qf3 Ng6
22. Rxe8+ Rxe8 23. Re1 Rxe1 24. Bxe1 Nf4 25. Bd2 Be6 1/2-1/2

[Event "14. Lichtenberger Sommer"]
[Site "14. Lichtenberger Sommer"]
[Date "2015.08.21"]
[Round "7.52"]
[White "Püschel, Werner"]
[Black "Kapp, Frank"]
[Result "1-0"]
[WhiteElo "2049"]
[BlackElo "1908"]
[PlyCount "45"]
[EventDate "2015.??.??"]
[WhiteTeam "Lasker Steglitz-Wilmersdorf"]
[BlackTeam "TSV IFA Chemnitz"]

1. e4 e6 2. d3 c5 3. Nf3 Nc6 4. c3 Nge7 5. Bf4 d6 6. Nbd2 g6 7. h4 h6 8. Nc4 e5
9. Bd2 Bg4 10. Be2 Bg7 11. Nfxe5 Nxe5 12. Bxg4 Nxd3+ 13. Ke2 Ne5 14. Nxe5 dxe5
15. Qa4+ Nc6 16. Rad1 Qb6 17. Bc1 O-O 18. h5 f5 19. Qc4+ Kh7 20. hxg6+ Kxg6 21.
Bxf5+ Rxf5 22. exf5+ Kxf5 23. Qf7+ 1-0

[Event "14. Lichtenberger Sommer"]
[Site "14. Lichtenberger Sommer"]
[Date "2015.08.21"]
[Round "7.53"]
[White "Scholta, Danilo"]
[Black "Steinert, Christian"]
[Result "0-1"]
[WhiteElo "1861"]
[BlackElo "1971"]
[PlyCount "92"]
[EventDate "2015.??.??"]
[WhiteTeam "SV Empor Berlin"]
[BlackTeam "SV Empor Berlin"]

1. d4 Nf6 2. e3 g6 3. f4 Bg7 4. Nf3 d6 5. Bd3 c5 6. c3 Nc6 7. O-O O-O 8. Nbd2
e5 9. Qc2 cxd4 10. cxd4 Ng4 11. Nb3 a5 12. a4 Qe7 13. Bb5 Nb4 14. Qe2 e4 15.
Ne1 Be6 16. Qd1 Rfc8 17. h3 Nf6 18. Bd2 Nfd5 19. Rc1 Rxc1 20. Nxc1 Rc8 21. Ne2
Qh4 22. Nc3 f5 23. Kh2 Qe7 24. Nxd5 Bxd5 25. Rf2 Bf8 26. Bxb4 axb4 27. Qd2 b3
28. g3 Qc7 29. Kg2 Bc4 30. Qc3 Bxb5 31. Qxc7 Rxc7 32. axb5 Rc1 33. Re2 d5 34.
g4 Bb4 35. Kf1 Kf7 36. Kf2 Ke6 37. Ng2 fxg4 38. hxg4 h5 39. f5+ gxf5 40. gxf5+
Kf7 41. Nf4 Rc2 42. Nxh5 Ba3 43. Ke1 Bxb2 44. Kd1 Rc1+ 45. Kd2 Rc8 46. Re1 Bc3+
0-1

[Event "14. Lichtenberger Sommer"]
[Site "14. Lichtenberger Sommer"]
[Date "2015.08.21"]
[Round "7.54"]
[White "Brasoy, Aksel"]
[Black "Zesewitz, Martin"]
[Result "0-1"]
[WhiteElo "1959"]
[BlackElo "1873"]
[PlyCount "50"]
[EventDate "2015.??.??"]
[WhiteTeam "Alta sjakklubb"]
[BlackTeam "SF Friedrichshagen"]

1. d4 f5 2. Nc3 d5 3. Bg5 h6 4. Bf4 Nf6 5. h4 c6 6. e3 e6 7. Qd3 Bd6 8. Nf3 Ne4
9. Ne5 O-O 10. Nxe4 fxe4 11. Qd2 c5 12. Ng6 Rf7 13. g3 Nc6 14. O-O-O c4 15. Bh3
a5 16. g4 c3 17. Qe2 cxb2+ 18. Kxb2 Qb6+ 19. Kc1 Bb4 20. c3 Bxc3 21. Qc2 Nb4
22. Qb1 Bd7 23. Rd2 Ba4 24. a3 Rc8 25. axb4 Bxb4+ 0-1

[Event "14. Lichtenberger Sommer"]
[Site "14. Lichtenberger Sommer"]
[Date "2015.08.21"]
[Round "7.55"]
[White "Bieber, Rainer"]
[Black "Dreke, Frank"]
[Result "0-1"]
[WhiteElo "1745"]
[BlackElo "2003"]
[PlyCount "136"]
[EventDate "2015.??.??"]
[WhiteTeam "SV Empor Berlin"]
[BlackTeam "SV Mattnetz Berlin"]

1. e4 Nf6 2. e5 Nd5 3. d4 d6 4. Nf3 Bg4 5. Be2 e6 6. O-O Be7 7. h3 Bh5 8. c4
Nb6 9. Nc3 O-O 10. Be3 Nc6 11. exd6 cxd6 12. d5 Bxf3 13. Bxf3 Ne5 14. dxe6
Nxf3+ 15. Qxf3 fxe6 16. Qg4 Rf6 17. b3 Nd7 18. Rfd1 Qc8 19. Ne4 Rg6 20. Qe2 Qc6
21. Bf4 Nf6 22. Ng5 e5 23. Be3 Rf8 24. g3 h6 25. Nf3 Ne4 26. Nd2 Nc3 27. Qd3
Nxd1 28. Qxg6 Nxe3 29. fxe3 Bg5 30. Nf1 Qf3 31. Qd3 Kh8 32. Qd2 h5 33. h4 Be7
34. Qg2 Qg4 35. e4 Bd8 36. Nh2 Bb6+ 37. Kh1 Qg6 38. Rf1 Rxf1+ 39. Nxf1 Qg4 40.
Nh2 Qd1+ 41. Qf1 Qxf1+ 42. Nxf1 g5 43. hxg5 Kg7 44. Nd2 Kg6 45. Nf3 Be3 46.
Nh4+ Kxg5 47. Nf5 Bc5 48. Kg2 Kg4 49. Ne7 Bb4 50. Nd5 Be1 51. Ne3+ Kg5 52. Kf3
a5 53. a3 Bc3 54. Nf5 b6 55. Nxd6 h4 56. gxh4+ Kxh4 57. Nf5+ Kg5 58. Ke3 Bb2
59. a4 Ba3 60. Kd3 Kf6 61. Ne3 Ke6 62. Nd5 Bc5 63. Ke2 Bg1 64. Ne3 Kd6 65. Nc2
Bc5 66. Kd3 Bg1 67. Kc3 Bc5 68. Ne1 Bb4+ 0-1

[Event "14. Lichtenberger Sommer"]
[Site "14. Lichtenberger Sommer"]
[Date "2015.08.21"]
[Round "7.56"]
[White "Birkholz, Axel"]
[Black "Ziems, Michael"]
[Result "1-0"]
[WhiteElo "1895"]
[BlackElo "1821"]
[PlyCount "65"]
[EventDate "2015.??.??"]
[WhiteTeam "SR Spaichingen"]
[BlackTeam "SV Empor Berlin"]

1. e4 e6 2. d4 d5 3. Nc3 Nf6 4. e5 Nfd7 5. f4 c5 6. Nf3 Nc6 7. Be3 Be7 8. Be2
a6 9. Qd2 b5 10. dxc5 Nxc5 11. Bd3 Qc7 12. a3 b4 13. Ne2 Na4 14. b3 Nb2 15. a4
Bb7 16. O-O Na5 17. Rab1 Nxd3 18. cxd3 O-O 19. Rfc1 Qd7 20. Bb6 Nc6 21. Rc2
Rac8 22. Rbc1 Ba8 23. Ned4 Qb7 24. a5 Nxd4 25. Nxd4 Rxc2 26. Qxc2 g6 27. Nc6
Qxc6 28. Qxc6 Bxc6 29. Rxc6 Ra8 30. Kf2 Kf8 31. Ke3 g5 32. Bc5 gxf4+ 33. Kxf4
1-0

[Event "14. Lichtenberger Sommer"]
[Site "14. Lichtenberger Sommer"]
[Date "2015.08.21"]
[Round "7.57"]
[White "Rehmsmeier, Marc"]
[Black "Janse, Alexander"]
[Result "0-1"]
[WhiteElo "1649"]
[BlackElo "1881"]
[PlyCount "108"]
[EventDate "2015.??.??"]
[WhiteTeam "vereinslos"]
[BlackTeam "SSV Klim-Op"]

1. d4 Nf6 2. c4 e6 3. Nc3 Bb4 4. Qb3 c5 5. Nf3 Nc6 6. dxc5 Bxc5 7. Bg5 Be7 8.
e3 O-O 9. Rd1 Qa5 10. Qb5 Qc7 11. Be2 a6 12. Qb3 d6 13. O-O h6 14. Bh4 Rd8 15.
h3 b6 16. Bg3 Bb7 17. Na4 Nd7 18. Rd2 Na5 19. Qb4 e5 20. b3 Nc6 21. Qc3 Nf6 22.
Qc2 Nb4 23. Qb2 Ne4 24. Rdd1 Nxg3 25. fxg3 Bf6 26. Qd2 Nc6 27. Nc3 Ne7 28. Qc1
Rac8 29. Qa3 Nf5 30. Kf2 e4 31. Nd4 Bxd4 32. exd4 e3+ 33. Kg1 Nxg3 34. Rfe1 b5
35. d5 Nxe2+ 36. Rxe2 bxc4 37. Rxe3 Qb6 38. Rde1 Re8 39. Qc1 cxb3 40. axb3 Bxd5
41. Kh2 Rxe3 42. Rxe3 Qd4 43. b4 Qf4+ 44. Kg1 Qxb4 45. Qe1 Bc6 46. Re7 a5 47.
Qg3 a4 48. Kh2 a3 49. Na2 Qb2 50. Qg4 Qxg2+ 51. Qxg2 Bxg2 52. Kxg2 Rc2+ 53. Kf3
Rxa2 54. Ra7 Ra1 0-1

[Event "14. Lichtenberger Sommer"]
[Site "14. Lichtenberger Sommer"]
[Date "2015.08.21"]
[Round "7.59"]
[White "Stein, Siegfried"]
[Black "Steiner, Wolfram"]
[Result "1-0"]
[WhiteElo "1713"]
[BlackElo "1968"]
[PlyCount "27"]
[EventDate "2015.??.??"]
[WhiteTeam "SV Berolina Mitte"]
[BlackTeam "SC Weisse Dame e.V."]

1. e4 e6 2. d4 d5 3. e5 c5 4. c3 Nc6 5. Nf3 Bd7 6. Bd3 cxd4 7. cxd4 Qb6 8. O-O
Nxd4 9. Nxd4 Qxd4 10. Nc3 a6 11. Qf3 Qxe5 12. Bf4 Qf6 13. Qg3 Be7 14. Be5 1-0

[Event "14. Lichtenberger Sommer"]
[Site "14. Lichtenberger Sommer"]
[Date "2015.08.21"]
[Round "7.60"]
[White "Jaeger, Andre"]
[Black "Kretzschmar, Jan"]
[Result "1/2-1/2"]
[WhiteElo "1942"]
[BlackElo "1830"]
[PlyCount "96"]
[EventDate "2015.??.??"]
[WhiteTeam "SC Rochade (Berlin)"]
[BlackTeam "SC Kreuzberg"]

1. d4 Nf6 2. c4 e6 3. Nc3 Bb4 4. f3 d5 5. a3 Bxc3+ 6. bxc3 O-O 7. cxd5 exd5 8.
e3 Re8 9. Bd3 Nbd7 10. Ne2 b6 11. O-O Bb7 12. Ng3 c5 13. Ra2 Qc7 14. Re2 cxd4
15. cxd4 Rac8 16. e4 dxe4 17. fxe4 Nf8 18. Bb2 Ng6 19. e5 Nd5 20. Qd2 Nde7 21.
Ref2 Bd5 22. Nh5 Rf8 23. Nf6+ Kh8 24. Nxd5 Nxd5 25. Qg5 Kg8 26. Bf5 Rcd8 27. e6
f6 28. Qh5 Ne3 29. Rc1 Qd6 30. Bxg6 hxg6 31. Qh3 Nd5 32. Re1 Rfe8 33. Qg4 Ne7
34. Rf3 Qd5 35. Rh3 Qg5 36. Qxg5 fxg5 37. Rg3 Rd5 38. Re5 Rxe5 39. dxe5 Rd8 40.
h3 Rd1+ 41. Kh2 Rd2 42. Bc3 Re2 43. Bb4 Nf5 44. Rxg5 Rxe5 45. Rxg6 a5 46. Bc3
Re3 47. Bb2 Re2 48. Bc3 Re3 1/2-1/2

[Event "14. Lichtenberger Sommer"]
[Site "14. Lichtenberger Sommer"]
[Date "2015.08.21"]
[Round "7.61"]
[White "Lieder, Günter"]
[Black "Lawrenz, Sebastian"]
[Result "0-1"]
[WhiteElo "1849"]
[BlackElo "1910"]
[PlyCount "60"]
[EventDate "2015.??.??"]
[WhiteTeam "SK Turm Bad Hersfeld"]
[BlackTeam "SC Zitadelle Spandau"]

1. e4 d5 2. exd5 Qxd5 3. Nc3 Qa5 4. Bc4 Nf6 5. Nf3 Bg4 6. O-O e6 7. h3 Bh5 8.
d3 c6 9. Bd2 Qc7 10. Re1 Be7 11. Qe2 Nbd7 12. g4 Bg6 13. a3 O-O-O 14. b4 Nb6
15. Bb3 Rhe8 16. b5 c5 17. a4 Nbd5 18. Bxd5 Nxd5 19. a5 Qb8 20. a6 Bf6 21.
axb7+ Kxb7 22. Ne4 Qc7 23. c4 Nb6 24. Ra6 Rd7 25. Rea1 Ra8 26. Ba5 Bxa1 27.
Bxb6 axb6 28. Rxa8 Kxa8 29. h4 h5 30. Nfg5 hxg4 0-1

[Event "14. Lichtenberger Sommer"]
[Site "14. Lichtenberger Sommer"]
[Date "2015.08.21"]
[Round "7.62"]
[White "Körner, Helmut"]
[Black "Khorolskyi, Borys"]
[Result "1-0"]
[WhiteElo "1864"]
[BlackElo "1936"]
[PlyCount "65"]
[EventDate "2015.??.??"]
[WhiteTeam "SF Nordost Berlin"]
[BlackTeam "vereinslos"]

1. b4 c6 2. e3 Nf6 3. Bb2 d5 4. Nf3 Bg4 5. Be2 e6 6. a3 Nbd7 7. Nd4 Bxe2 8.
Qxe2 Be7 9. O-O a5 10. b5 c5 11. Nf3 O-O 12. a4 c4 13. d4 cxd3 14. cxd3 Rc8 15.
Nc3 Bb4 16. Na2 Be7 17. Rfc1 Qb6 18. d4 Ne4 19. Rc2 Rc7 20. Rxc7 Qxc7 21. Rc1
Qb6 22. Nd2 Nd6 23. Qd1 Rc8 24. Rxc8+ Nxc8 25. Qc2 Qd8 26. Qc3 Na7 27. f3 Bd6
28. e4 Qb6 29. Nb3 dxe4 30. Qxa5 exf3 31. gxf3 h6 32. Nc3 Qxd4+ 33. Nxd4 1-0

[Event "14. Lichtenberger Sommer"]
[Site "14. Lichtenberger Sommer"]
[Date "2015.08.21"]
[Round "7.63"]
[White "Scheide, Helmut"]
[Black "Lischeid, Kilian"]
[Result "1/2-1/2"]
[WhiteElo "1959"]
[BlackElo "1652"]
[PlyCount "48"]
[EventDate "2015.??.??"]
[WhiteTeam "USV Potsdam"]
[BlackTeam "Schachunion Berlin"]

1. Nf3 Nf6 2. d4 g6 3. c4 c5 4. d5 b5 5. cxb5 a6 6. Nc3 axb5 7. Nxb5 Ba6 8. Nc3
d6 9. g3 Bg7 10. Bg2 O-O 11. O-O Nbd7 12. Re1 Ng4 13. Nd2 Nge5 14. Qc2 Qb6 15.
h3 Ra7 16. Na4 Qa5 17. Nc3 Rfa8 18. f4 Nc4 19. Nxc4 Bxc4 20. Bd2 Qb6 21. e4
Bxa2 22. Rec1 Bb3 23. Qb1 Rb8 24. e5 Bc4 1/2-1/2

[Event "14. Lichtenberger Sommer"]
[Site "14. Lichtenberger Sommer"]
[Date "2015.08.21"]
[Round "7.64"]
[White "Jansen, Robert"]
[Black "Andersen, Jorgen Mosbech"]
[Result "1-0"]
[WhiteElo "1757"]
[BlackElo "2007"]
[PlyCount "101"]
[EventDate "2015.??.??"]
[WhiteTeam "SC Kreuzberg"]
[BlackTeam "Strömmen sjakklubb"]

1. d4 d5 2. c4 c6 3. e3 Nf6 4. Nf3 e6 5. Nc3 Bd6 6. Bd3 Nbd7 7. O-O O-O 8. Re1
e5 9. cxd5 cxd5 10. e4 exd4 11. Nxd5 Nxd5 12. exd5 g6 13. Bh6 Re8 14. Rxe8+
Qxe8 15. Qa4 Bc5 16. Re1 Qd8 17. Bb5 a6 18. Bxd7 Bxd7 19. Qc4 Rc8 20. Qb3 b5
21. h3 Qb6 22. Ne5 Re8 23. Kh2 Bd6 24. f4 Qc7 25. Qd3 f6 26. Nxd7 Rxe1 27.
Nxf6+ Kf7 28. Qxd4 Bc5 29. Qd2 Bg1+ 30. Kg3 Re3+ 31. Kh4 Qe7 32. d6 Qxf6+ 33.
Bg5 Qf5 34. d7 Rxh3+ 35. gxh3 Qc5 36. Qe2 Bf2+ 37. Kg4 Qf5+ 38. Kf3 Qxh3+ 39.
Kxf2 Qxd7 40. Qe3 Qd1 41. Qe7+ Kg8 42. Qe6+ Kg7 43. Qe7+ Kg8 44. Qe6+ Kg7 45.
Bf6+ Kh6 46. Qh3+ Qh5 47. Qxh5+ Kxh5 48. Kf3 h6 49. b4 g5 50. fxg5 hxg5 51. Ke4
1-0

[Event "14. Lichtenberger Sommer"]
[Site "14. Lichtenberger Sommer"]
[Date "2015.08.21"]
[Round "7.65"]
[White "Weber, Sandra"]
[Black "Casny, Guenter"]
[Result "0-1"]
[WhiteElo "1837"]
[BlackElo "1838"]
[PlyCount "74"]
[EventDate "2015.??.??"]
[WhiteTeam "SV Stuttgart-Wolfbusch"]
[BlackTeam "SC Rochade (Berlin)"]

1. e4 g6 2. d4 Bg7 3. Nc3 d6 4. f4 e6 5. Nf3 Ne7 6. Bd3 b6 7. O-O Ba6 8. Re1
Bxd3 9. Qxd3 O-O 10. Ne2 Nd7 11. Ng3 c5 12. c3 cxd4 13. cxd4 Rc8 14. f5 e5 15.
Be3 d5 16. fxg6 hxg6 17. exd5 Nxd5 18. Bg5 Nf4 19. Qb3 Qc7 20. Nxe5 Ne6 21. Be7
Nxd4 22. Qd5 Nxe5 23. Bxf8 Rxf8 24. Kh1 Ne6 25. Ne4 Qc6 26. Rad1 Qxd5 27. Rxd5
Nf4 28. Rdd1 Nfd3 29. Re2 f5 30. Nc3 Nf4 31. Red2 Kh7 32. g3 Ne6 33. Rd5 Nc5
34. g4 Ne4 35. Nxe4 fxe4 36. Re1 Nd3 37. Rxe4 Nf2+ 0-1

[Event "14. Lichtenberger Sommer"]
[Site "14. Lichtenberger Sommer"]
[Date "2015.08.21"]
[Round "7.66"]
[White "Seitz, Patrick"]
[Black "Schleicher, Janek"]
[Result "0-1"]
[WhiteElo "1665"]
[BlackElo "2029"]
[PlyCount "74"]
[EventDate "2015.??.??"]
[WhiteTeam "SR Heuberg-Gosheim"]
[BlackTeam "SV Bürgel"]

1. e4 c5 2. Nf3 e6 3. d4 cxd4 4. Nxd4 Nc6 5. Be3 Qc7 6. a3 Nf6 7. Nc3 a6 8. Be2
Be7 9. Bf3 Ne5 10. O-O d6 11. Be2 O-O 12. Nf3 Nc4 13. Bxc4 Qxc4 14. e5 dxe5 15.
Nxe5 Qc7 16. Bf4 Bd6 17. Qe2 b5 18. Rad1 Nd5 19. Nxd5 exd5 20. Bg3 Re8 21. f4
f6 22. Qd2 Bc5+ 23. Kh1 fxe5 24. Qxd5+ Be6 25. Qxe5 Qxe5 26. fxe5 Rad8 27. Bh4
Rxd1 28. Rxd1 Rf8 29. h3 h6 30. b4 Bf2 31. Rd6 Bxh4 32. Rxe6 Bg3 33. Kg1 Rc8
34. Rxa6 Rxc2 35. Kf1 Rf2+ 36. Kg1 Re2 37. Kf1 Re1# 0-1

[Event "14. Lichtenberger Sommer"]
[Site "14. Lichtenberger Sommer"]
[Date "2015.08.21"]
[Round "7.67"]
[White "Genot, Frank"]
[Black "Feyer, Leon"]
[Result "1-0"]
[WhiteElo "1822"]
[BlackElo "1783"]
[PlyCount "75"]
[EventDate "2015.??.??"]
[WhiteTeam "Club du Canal St-Martin Paris"]
[BlackTeam "SV Empor Berlin"]

1. e4 e5 2. Nf3 Nc6 3. d4 exd4 4. Nxd4 Bc5 5. Be3 Bb6 6. Nf5 Qf6 7. Nc3 Nge7 8.
Bxb6 axb6 9. Ne3 d6 10. g3 Bd7 11. Bg2 O-O 12. O-O Ng6 13. f4 Qd8 14. f5 Nge5
15. f6 g6 16. Ncd5 Be6 17. Qd2 Kh8 18. a4 Nd7 19. Qc3 Nde5 20. b3 Qd7 21. Rf4
Ng4 22. Nxg4 Bxg4 23. h3 Be6 24. Rh4 g5 25. Rh5 Rg8 26. Qd2 Rg6 27. Rf1 Rag8
28. Qc3 g4 29. h4 h6 30. Nf4 Ne5 31. Nd5 Bxd5 32. exd5 Qd8 33. Qe3 Nf3+ 34.
Rxf3 Re8 35. Rxh6+ Kg8 36. Rxg6+ fxg6 37. Qh6 Qd7 38. f7+ 1-0

[Event "14. Lichtenberger Sommer"]
[Site "14. Lichtenberger Sommer"]
[Date "2015.08.21"]
[Round "7.68"]
[White "Sidabras, Jonas"]
[Black "Kling, Maximilian"]
[Result "1-0"]
[WhiteElo "1819"]
[BlackElo "1759"]
[PlyCount "43"]
[EventDate "2015.??.??"]
[WhiteTeam "SC Kreuzberg"]
[BlackTeam "SK Kriegshaber"]

1. d4 Nf6 2. c4 g6 3. Nc3 d5 4. cxd5 Nxd5 5. g3 Nxc3 6. bxc3 c5 7. Bg2 Bg7 8.
e3 O-O 9. Ne2 Nc6 10. O-O Qa5 11. a4 cxd4 12. cxd4 Rd8 13. Rb1 Qf5 14. Ba3 Qd7
15. Qc2 e5 16. d5 Ne7 17. e4 b6 18. Nc3 Ba6 19. Nb5 Rac8 20. Qb3 Bxb5 21. Qxb5
Qxb5 22. axb5 1-0

[Event "14. Lichtenberger Sommer"]
[Site "14. Lichtenberger Sommer"]
[Date "2015.08.21"]
[Round "7.69"]
[White "Schmidt, Fabian"]
[Black "Schmalzried, Volker"]
[Result "1/2-1/2"]
[WhiteElo "1766"]
[BlackElo "1881"]
[PlyCount "85"]
[EventDate "2015.??.??"]
[WhiteTeam "Königsjäger Süd-West"]
[BlackTeam "vereinslos"]

1. e4 c5 2. Nf3 Nc6 3. Nc3 g6 4. d4 cxd4 5. Nxd4 Bg7 6. Be3 d6 7. Qd2 Nf6 8. f3
O-O 9. O-O-O Bd7 10. g4 Nxd4 11. Bxd4 a6 12. h4 b5 13. h5 b4 14. Nd5 Nxd5 15.
exd5 Bxd4 16. Qxd4 Qa5 17. hxg6 fxg6 18. Kb1 Rxf3 19. Qe4 Rf7 20. Rd4 Raf8 21.
Bd3 Bb5 22. g5 Bxd3 23. Rxd3 Qc5 24. Qe6 Kh8 25. Rdd1 Rf2 26. Qxg6 R8f7 27. Qd3
Qc8 28. g6 Rg7 29. Rxh7+ Rxh7 30. gxh7 Qf5 31. Qd4+ Kxh7 32. Rh1+ Kg6 33. Rg1+
Kf7 34. Rc1 a5 35. b3 Rf1 36. Qd2 Qf4 37. Qxf4+ Rxf4 38. Rd1 Kf6 39. Rd2 Ke5
40. Re2+ Re4 41. Rd2 Kf4 42. Kb2 Ke5 43. c4 1/2-1/2